Vplyv dlhodobej prevádzky nádrže na účinnosť injekčnej clony

Enregistré dans:
Détails bibliographiques
Auteur principal: Pitoňáková, Adela, 1990- (Auteur)
Autres auteurs: Bednárová, Emília, 1950- (Directeur de thèse)
Format: Manuscrit Livre
Langue:slovaque
Publié: Bratislava : STU v Bratislave SvF, 2014
Sujets:
Accès en ligne:VAIS
Tags: Ajouter un tag
Pas de tags, Soyez le premier à ajouter un tag!

MARC

LEADER 00000ntm a22000003a 4500
001 stu297483
005 20150617230311.9
008 140919s2014----xo------------------slo-d
040 |a STU  |b slo 
041 0 |a slo 
044 |a xo 
100 1 |a Pitoňáková, Adela,  |d 1990-  |4 aut  |u V  |T SvF Stavebná fakulta  |X 57381  |U V  |Y 10  |7 A000057381 
242 0 0 |a The influence od the long-lasting operation of water tank for the grout curtain efficiency  |y eng 
245 1 |a Vplyv dlhodobej prevádzky nádrže na účinnosť injekčnej clony 
260 |a Bratislava :  |b STU v Bratislave SvF,  |c 2014 
650 7 |a vodné stavby a vodné hospodárstvo  |2 stusub 
650 7 |a Hydraulic and Water Resources Engineering  |2 estusub 
650 7 |a efficiency  |2 estusub 
650 7 |a buoyancy  |2 estusub 
700 1 |a Bednárová, Emília,  |d 1950-  |4 ths  |u V150  |U SvF Stavebná fakulta  |T SvF Katedra geotechniky  |X 1011  |U V150  |Y 15  |7 A000001011 
856 4 |a info a plný text  |u http://is.stuba.sk/zp/portal_zp.pl?podrobnosti=100520  |3 VAIS